000 00454nam a2200145 4500
005 20250516110242.0
008 250516b |||||||| |||| 00| 0 eng d
022 _a2161-9271
040 _cAL
041 _hEnglish
245 _aColumbia Journal of Law & the Arts
260 _aColumbia
_bColumbia University Libraries and Columbia Law School.
_c15-05-2025
856 _uhttps://journals.library.columbia.edu/index.php/lawandarts
942 _2ddc
_cPR
_s1
999 _c234301
_d234301